000
00229nam a2200097Ia 4500
008
230915s9999 xx 000 0 und d
050
_a
HB171.W36.1979
100
_a
JUDE WANNISKI
245
4
_a
THE WAY, THE WORLD WORKS
942
_c
BK
999
_c
61119
_d
61119